[Event "Titled Tuesday intern op 14th Mar Early"]
[Site "Chess.com INT"]
[Date "2023.03.14"]
[Round "6"]
[White "Agasarov, Benik"]
[Black "Klepikov, Nikita"]
[Result "1-0"]
[WhiteElo "2235"]
[BlackElo "2063"]
[PlyCount "63"]
[EventDate "2023.03.14"]
[EventType "swiss (blitz)"]
[EventRounds "11"]
[EventCountry "USA"]
[SourceTitle "EXT 2024"]
[Source "ChessBase"]
[SourceDate "2023.10.10"]
[SourceVersion "1"]
[SourceVersionDate "2023.10.10"]
[SourceQuality "1"]

1. d4 Nf6 2. c4 d6 3. Nf3 Nbd7 4. Nc3 e5 5. g3 g6 6. Bg2 Bg7 7. 0-0 0-0 8. e4 exd4 9. Nxd4 Re8 10. Re1 Nc5 11. Qc2 Ng4 12. Nb3 Nxb3 13. axb3 Bd4 14. Nd1 f5 15. h3 Nf6 16. Bg5 h6 17. Bxh6 fxe4 18. Nc3 Bf5 19. Nxe4 Nxe4 20. Bxe4 Rxe4 21. Rxe4 Qf6 22. Rae1 g5 23. Qd2 Bxe4 24. Rxe4 Bxf2+ 25. Qxf2 Qxh6 26. Re7 Rf8 27. Qd4 Rf6 28. Rxc7 Qf8 29. Qe3 Rf1+ 30. Kg2 Qf5 31. Qe8+ Qf8 32. Qg6+ 1-0

[Event "Titled Tuesday intern op 14th Mar Early"]
[Site "Chess.com INT"]
[Date "2023.03.14"]
[Round "2"]
[White "Agasarov, Benik"]
[Black "Postlmayer, Jakob"]
[Result "0-1"]
[WhiteElo "2235"]
[BlackElo "2323"]
[PlyCount "138"]
[EventDate "2023.03.14"]
[EventType "swiss (blitz)"]
[EventRounds "11"]
[EventCountry "USA"]
[SourceTitle "EXT 2024"]
[Source "ChessBase"]
[SourceDate "2023.10.10"]
[SourceVersion "1"]
[SourceVersionDate "2023.10.10"]
[SourceQuality "1"]

1. d4 Nf6 2. Nf3 g6 3. c4 Bg7 4. Nc3 0-0 5. g3 d6 6. Bg2 c5 7. 0-0 Nc6 8. d5 Na5 9. Nd2 e6 10. Qc2 Re8 11. b3 exd5 12. cxd5 a6 13. a4 Rb8 14. Bb2 b5 15. axb5 axb5 16. Nce4 Bf5 17. Nxf6+ Bxf6 18. Bxf6 Bxc2 19. Bxd8 Nxb3 20. Nxb3 Rbxd8 21. Na5 Rxe2 22. Rfe1 Rxe1+ 23. Rxe1 b4 24. Nc6 Ra8 25. Be4 Bxe4 26. Nxb4 cxb4 27. Rxe4 Rb8 28. Re2 b3 29. Rb2 Kg7 30. f4 Kf6 31. Kf2 Kf5 32. Kf3 h5 33. h3 Rb4 34. g4+ hxg4+ 35. hxg4+ Kf6 36. Ke3 g5 37. fxg5+ Kxg5 38. Kf3 Kf6 39. Ke3 Ke5 40. Kd2 Kxd5 41. Kc3 Rb7 42. Rd2+ Ke4 43. Kb2 d5 44. g5 d4 45. Rg2 d3 46. g6 fxg6 47. Rxg6 d2 48. Rd6 Ke3 49. Rd8 Ke2 50. Re8+ Kd1 51. Re4 Rb5 52. Re8 Rh5 53. Kxb3 Rb5+ 54. Kc4 Kc2 55. Kxb5 d1Q 56. Kc6 Kc3 57. Re5 Qg4 58. Kd6 Qf4 59. Ke6 Kd4 60. Ra5 Qh6+ 61. Kf7 Qc6 62. Rh5 Ke4 63. Rh1 Qd5+ 64. Ke7 Qe5+ 65. Kd8 Qg5+ 66. Kd7 Kd5 67. Rd1+ Kc5 68. Rf1 Qg4+ 69. Ke7 Qe2+ 0-1

[Event "Titled Tuesday intern op 14th Mar Early"]
[Site "Chess.com INT"]
[Date "2023.03.14"]
[Round "9"]
[White "Agasarov, Benik"]
[Black "Timofeev, Artyom"]
[Result "1-0"]
[WhiteElo "2235"]
[BlackElo "2567"]
[PlyCount "77"]
[EventDate "2023.03.14"]
[EventType "swiss (blitz)"]
[EventRounds "11"]
[EventCountry "USA"]
[SourceTitle "EXT 2024"]
[Source "ChessBase"]
[SourceDate "2023.10.10"]
[SourceVersion "1"]
[SourceVersionDate "2023.10.10"]
[SourceQuality "1"]

1. d4 Nf6 2. c4 g6 3. Nc3 d5 4. cxd5 Nxd5 5. e4 Nb6 6. Be3 Bg7 7. Nf3 Bg4 8. Be2 0-0 9. 0-0 Nc6 10. d5 Bxf3 11. Bxf3 Ne5 12. Be2 Nec4 13. Bxb6 Nxb6 14. Qb3 c6 15. dxc6 bxc6 16. Rfd1 Qc7 17. Rac1 Rab8 18. Qc2 Qe5 19. b3 Rfd8 20. Nb1 Bh6 21. Rxd8+ Rxd8 22. Rd1 Rxd1+ 23. Bxd1 Qd4 24. Kf1 c5 25. Be2 Nc8 26. Nc3 Nd6 27. g3 Bg7 28. Nb5 Qxe4 29. Qxe4 Nxe4 30. Nxa7 Nc3 31. a4 Bd4 32. Nc6 Kf8 33. a5 Nd5 34. a6 Nc7 35. a7 Bc3 36. Ba6 Ke8 37. Bb7 Kd7 38. Nb8+ Kd6 39. Na6 1-0